LEADER 04093nam 2200601 450 001 9910793253103321 005 20230817191136.0 010 $a1-5474-0092-7 010 $a1-5474-0090-0 024 7 $a10.1515/9781547400904 035 $a(CKB)4100000007205080 035 $a(MiAaPQ)EBC5691957 035 $a(DE-B1597)499084 035 $a(OCoLC)1078911688 035 $a(DE-B1597)9781547400904 035 $a(Au-PeEL)EBL5691957 035 $a(EXLCZ)994100000007205080 100 $a20190309d2019 uy 0 101 0 $aeng 135 $aurcnu|||||||| 181 $ctxt$2rdacontent 182 $cc$2rdamedia 183 $acr$2rdacarrier 200 10$aFintech $ethe new DNA of financial services /$fPranay Gupta, T. Mandy Tham 210 1$aBoston, Massachusetts ;$aBerlin :$cDe G Press,$d2019. 215 $a1 online resource (xxxi, 514 pages) 311 $a1-5474-1708-0 327 $tFrontmatter --$tAbout De/G PRESS --$tQuote --$tAcknowledgments --$tAbout the Authors --$tContents --$tPreface --$tPart 1: An Overview of Fintech --$tChapter 1. Fintech and the Disruption of Financial Services --$tChapter 2. Fintech in the Context of the Digital Economy --$tChapter 3. The Landscape of Fintech --$tPart 2: Enablers of a Digital Economy --$tChapter 4. Digital Identity --$tChapter 5. The Importance of Cloud Computing --$tChapter 6. Data Science and Big Data --$tChapter 7. Blockchain and Distributed Ledger Technology 2.0 --$tChapter 8. Use Cases of Blockchain Technology in Financial Services --$tChapter 9. Cryptoassets --$tChapter 10. Open Banking: Digital Payments Systems --$tChapter 11. Theories of Artificial Intelligence and Machine Learning --$tChapter 12. A Practical Approach to Machine Learning (ML) and Artificial Intelligence (AI) --$tPart 3: Fintech Innovations and Disruptions --$tChapter 13. Disruption in Asset Servicing --$tChapter 14. Disruption in the Capital Markets --$tChapter 15. Disruption in Investment Management --$tChapter 16. Alternative Data in Portfolio Management --$tChapter 17. Online Marketplace Lending --$tChapter 18. Lending and Crowdfunding --$tChapter 19. Robo-Advisory and Multi-Asset Allocation --$tChapter 20. WealthTech --$tChapter 21. RegTech: We are coming out of Fintech! --$tChapter 22. Digitalizing the Client Lifecycle and KYC/AML with RegTech --$tChapter 23. InsurTech: Using China as an Example --$tPart 4: The Impact of Fintech --$tChapter 24. Technology and the Dislocation of the Fast Moving Consumer Goods Industry --$tChapter 25. Legal Implications of Fintech --$tIndex 330 $aThis extraordinary book, written by leading players in a burgeoning technology revolution, is about the merger of finance and technology (fintech), and covers its various aspects and how they impact each discipline within the financial services industry. It is an honest and direct analysis of where each segment of financial services will stand. Fintech: The New DNA of Financial Services provides an in-depth introduction to understanding the various areas of fintech and terminology such as AI, big data, robo-advisory, blockchain, cryptocurrency, InsurTech, cloud computing, crowdfunding and many more. Contributions from fintech innovators discuss banking, insurance and investment management applications, as well as the legal and human resource implications of fintech in the future. 606 $aFinancial services industry$xTechnological innovations 610 $aAI. 610 $aAutomation. 610 $aBlockchain. 610 $aCrowdfunding. 610 $aCyberassets. 610 $aData science. 610 $aFintech. 610 $aHealth-tech. 610 $aInsure-tech. 610 $aRegulation. 610 $aStartup. 610 $aWealthtech. 615 0$aFinancial services industry$xTechnological innovations. 676 $a332.10688 700 $aGupta$b Pranay$01562117 702 $aTham$b T. Mandy 801 0$bMiAaPQ 801 1$bMiAaPQ 801 2$bMiAaPQ 906 $aBOOK 912 $a9910793253103321 996 $aFintech$93829451 997 $aUNINA LEADER 02288nam 2200577Ia 450 001 9910785451703321 005 20230725025720.0 010 $a1-282-92215-7 010 $a9786612922152 010 $a0-7618-5184-4 035 $a(CKB)2670000000060668 035 $a(EBL)634271 035 $a(OCoLC)704284918 035 $a(SSID)ssj0000438561 035 $a(PQKBManifestationID)12140770 035 $a(PQKBTitleCode)TC0000438561 035 $a(PQKBWorkID)10452969 035 $a(PQKB)10522706 035 $a(MiAaPQ)EBC634271 035 $a(Au-PeEL)EBL634271 035 $a(CaPaEBR)ebr10435035 035 $a(CaONFJC)MIL292215 035 $a(EXLCZ)992670000000060668 100 $a20100727d2010 uy 0 101 0 $aeng 135 $aur|n|---||||| 181 $ctxt 182 $cc 183 $acr 200 10$aJudaic spiritual psychotherapy$b[electronic resource] /$fAaron Rabinowitz 210 $aLanham, MD $cUniversity Press of America$dc2010 215 $a1 online resource (93 p.) 300 $aDescription based upon print version of record. 311 $a0-7618-5183-6 320 $aIncludes bibliographical references. 327 $aContents; Chapter 01. Introduction and Brief History; Chapter 02. Judaic Psychotherapy; Chapter 03. Principles of Judaic Spiritual Psychotherapy; Chapter 04. Methodology; Chapter 05. Meditation: The Judaic View; Chapter 06. Forgiveness: Critique of the "Sunflower"; Chapter 07. Conclusion: Values in Psychotherapy 330 $aThis book utilizes the profound insights present in spiritual literature for psychotherapeutic use. Jewish spiritual writings are a rich source that encompasses three thousand years of scholarship and experience dealing with emotional problems. These insights can benefit all clients, not only those nurtured in the Jewish tradition. 606 $aJudaism and psychology 606 $aJudaism$xPsychology 615 0$aJudaism and psychology. 615 0$aJudaism$xPsychology. 676 $a296.371 686 $a77.72$2bcl 700 $aRabinowitz$b Aaron$f1931-$01499351 801 0$bMiAaPQ 801 1$bMiAaPQ 801 2$bMiAaPQ 906 $aBOOK 912 $a9910785451703321 996 $aJudaic spiritual psychotherapy$93725325 997 $aUNINA LEADER 02695nas 2200493 n 450 001 990008915530403321 005 20240229084427.0 011 $a0390-1378 035 $a000891553 035 $aFED01000891553 035 $a(Aleph)000891553FED01 035 $a000891553 091 $2CNR$aP 00040121 100 $a20090724a19749999km-y0itaa50------ba 101 0 $aita 102 $aIT 110 $aauu-------- 200 1 $aBanche e banchieri 207 1$a1974- 210 $aMilano$cBancaria Editrice 326 $aBimestrale 530 0 $aBanche e banchieri 675 $a332.1 712 02$aAssociazione nazionale aziende ordinarie di credito 712 02$aIstituto centrale di banche e banchieri 801 0$aIT$bACNP$c20090723 859 4 $uhttp://acnp.cib.unibo.it/cgi-ser/start/it/cnr/dc-p1.tcl?catno=28248&person=false&language=ITALIANO&libr=&libr_th=unina1$zBiblioteche che possiedono il periodico 901 $aSE 912 $a990008915530403321 958 $aBiblioteca. Dipartimento di Economia Aziendale dell'Università Federico II$b1974-$c1974;1982;1985-1987;1997;$fECA 958 $aBiblioteca della Facoltà di Economia Complesso Universitario Monte S. Angelo- Università degli Studi di Napoli "Federico II"$b1982-1994;$c1982-1985;$eEC.VII-D-3 Dep.$fDECBC 958 $aBiblioteca Centrale della Facoltà di Giurisprudenza dell'Università di Napoli Federico II$b1980-2011;$c1986;$ePer. it. 161 (EP)$fFGBC 958 $aBiblioteca del dipartimento di Diritto Comune Patrimoniale.$b1980-2007;$c2000-2002;2005;$e23-E/F$fDDCP 959 $aECA 959 $aDECBC 959 $aFGBC 959 $aDDCP 996 $aBanche e banchieri$9799881 997 $aUNINA AP1 8 $6866-01$aNA040 Biblioteca. Dipartimento di Economia Aziendale dell'Università Federico II$ev. Cintia, 80126 Napoli (NA)$m081675089/91/92$m081675091$nit AP1 8 $6866-02$aNA042 Biblioteca della Facoltà di Economia Complesso Universitario Monte S. Angelo- Università degli Studi di Napoli "Federico II"$bEC.VII-D-3 Dep.$evia Cinthia,26, 80126 Napoli (NA)$m081676647-0816782$m081676684$nit AP1 8 $6866-03$aNA073 Biblioteca Centrale della Facoltà di Giurisprudenza dell'Università di Napoli Federico II$bPer. it. 161 (EP)$eCorso Umberto I, 80138 Napoli (NA)$m0812537531/33$m0812537532$nit AP1 8 $6866-04$aNA215 Biblioteca del dipartimento di Diritto Comune Patrimoniale.$b23-E/F$eVia Porta di Massa, 32, 80138 Napoli (NA)$m081/2534319$m081/2534319$nit AP2 40$aacnp.cib.unibo.it$nACNP Italian Union Catalogue of Serials$uhttp://acnp.cib.unibo.it/cgi-ser/start/it/cnr/df-p.tcl?catno=28248&language=ITALIANO&libr=&person=&B=1&libr_th=unina&proposto=NO